Flags But White is Black - Statistics

General Stats
  • This quiz has been taken 48 times
  • The average score is 14 of 16
Answer Stats
Picture Answer % Correct
France
100%
United States
100%
Russia
98%
Estonia
88%
Laos
88%
Latvia
86%
Tanzania
86%
Botswana
83%
Dominica
83%
Iraq
83%
Madagascar
83%
Uganda
83%
Bahrain
81%
Costa Rica
81%
Jordan
81%
Afghanistan
64%
No matching quizzes found
Score Distribution
Percent of People with Each Score
Percentile by Number Answered
Your Score History
You have not taken this quiz